|
|
|
|
| LEADER |
01038nam a2200241 a 4500 |
| 001 |
1947127 |
| 008 |
100210s1986 bg f000 0 eng d |
| 010 |
|
|
|a 86903129
|
| 040 |
|
|
|a DLC
|c DLC
|d DLC
|d BD-DhAAL
|
| 082 |
0 |
0 |
|a 331.4/295492
|2 19
|
| 100 |
1 |
|
|a Rahman, Rushidan Islam.
|
| 245 |
1 |
4 |
|a The wage employment market for rural women in Bangladesh /
|c Rushidan Islam Rahman.
|
| 260 |
|
|
|a Dhaka, Bangladesh :
|b Bangladesh Institute of Development Studies,
|c 1986.
|
| 300 |
|
|
|a xi, 97 p. ;
|c 23 cm.
|
| 490 |
1 |
|
|a Research monograph ;
|v no. 6
|
| 541 |
|
|
|e 00005040
|
| 650 |
|
0 |
|a Wages
|x Women
|z Bangladesh.
|
| 650 |
|
0 |
|a Rural women
|x Employment
|z Bangladesh.
|
| 710 |
2 |
|
|a Bangladesh Institute of Development Studies.
|
| 830 |
|
0 |
|a Research monograph (Bangladesh Institute of Development Studies) ;
|v no. 6.
|
| 852 |
4 |
|
|a Ayesha Abed Library
|j General shelf
|
| 999 |
|
|
|c 7480
|d 7480
|
| 952 |
|
|
|0 0
|1 0
|2 ddc
|4 0
|6 331_400000000000000_295492_RAH_1986
|7 0
|9 8045
|a BRACUL
|b BRACUL
|c GEN
|d 2010-02-11
|g 30.00
|l 0
|o 331.4295492 RAH
|p 3010005040
|r 2010-02-11
|t 1
|w 2010-02-11
|y BK
|